Introduction to positive economics (Record no. 5640)

000 -LEADER
fixed length control field 00453nam a22001817a 4500
001 - CONTROL NUMBER
control field 5640
003 - CONTROL NUMBER IDENTIFIER
control field BD-DhUET
008 - FIXED-LENGTH DATA ELEMENTS--GENERAL INFORMATION
fixed length control field 141127b xxu||||| |||| 00| 0 eng d
040 ## - CATALOGING SOURCE
Transcribing agency 0
Modifying agency BD-DhUET
082 ## - DEWEY DECIMAL CLASSIFICATION NUMBER
Classification number 330
Item number LIP/1971
100 ## - MAIN ENTRY--PERSONAL NAME
Personal name Lipsey, Richard G.
245 ## - TITLE STATEMENT
Title Introduction to positive economics
250 ## - EDITION STATEMENT
Edition statement 3rd ed.
260 ## - PUBLICATION, DISTRIBUTION, ETC. (IMPRINT)
Name of publisher, distributor, etc. English Language Book
Place of publication, distribution, etc. Hampshire
Date of publication, distribution, etc. 1971
300 ## - PHYSICAL DESCRIPTION
Extent xx, 740 p.
Other physical details ill.
Dimensions 26 cm.
650 #0 - SUBJECT ADDED ENTRY--TOPICAL TERM
Topical term or geographic name as entry element Economics
942 ## - ADDED ENTRY ELEMENTS (KOHA)
Koha item type General Book
Holdings
Price effective from Date acquired Koha full call number Koha item type Source of classification or shelving scheme Koha collection Koha date last seen Shelving location Sublocation or collection (holding branch) Lost status Damaged status Withdrawn status Copy number Piece designation (barcode) Koha normalized classification for sorting Not for loan Location (home branch)
2014-11-272014-11-27330/LIP/1971General Book  2014-11-27Circulation sectionCentral Library, BUET   123693330LIP1971 Central Library, BUET
2014-11-272014-11-27330/LIP/1971General Book  2014-11-27Circulation sectionCentral Library, BUET   223702330LIP1971 Central Library, BUET
2015-01-272015-01-27330/LIP/1971General Book  2015-01-27Circulation sectionCentral Library, BUET   323689330_000000000000000_LIP_1971 Central Library, BUET
2015-01-272015-01-27330/LIP/1971General Book  2015-01-27Circulation sectionCentral Library, BUET   423684330_000000000000000_LIP_1971 Central Library, BUET
2015-01-272015-01-27330/LIP/1971General Book  2015-01-27Circulation sectionCentral Library, BUET   523710330_000000000000000_LIP_1971 Central Library, BUET
2015-01-272015-01-27330/LIP/1971General Book  2015-01-27Circulation sectionCentral Library, BUET   623713330_000000000000000_LIP_1971 Central Library, BUET
2015-01-272015-01-27330/LIP/1971General Book  2015-01-27Cataloging sectionCentral Library, BUET   723690330_000000000000000_LIP_1971 Central Library, BUET
2015-01-272015-01-27330/LIP/1971General Book  2015-01-27Circulation sectionCentral Library, BUET   823698330_000000000000000_LIP_1971 Central Library, BUET
2015-01-272015-01-27330/LIP/1971General Book  2015-01-27Circulation sectionCentral Library, BUET   923685330_000000000000000_LIP_1971 Central Library, BUET
2015-01-272015-01-27330/LIP/1971General Book  2015-01-27Circulation sectionCentral Library, BUET   1023712330_000000000000000_LIP_1971 Central Library, BUET
2015-01-282015-01-28330/LIP/1971General Book Non Fiction2015-01-28Circulation sectionCentral Library, BUET   423677330_000000000000000_LIP_1971 Central Library, BUET
2015-01-282015-01-28330/LIP/1971General Book Non Fiction2015-01-28Circulation sectionCentral Library, BUET   3023706330_000000000000000_LIP_1971 Central Library, BUET
2015-01-282015-01-28330/LIP/1971General Book Non Fiction2015-01-28Circulation sectionCentral Library, BUET   2923705330_000000000000000_LIP_1971 Central Library, BUET
2015-01-282015-01-28330/LIP/1971General Book Non Fiction2015-01-28Circulation sectionCentral Library, BUET   1623680330_000000000000000_LIP_1971 Central Library, BUET
2015-04-202015-04-20330/LIP/1971General Book  2015-04-20Circulation sectionCentral Library, BUET   1523691330_000000000000000_LIP_1971 Central Library, BUET